Kraje Afryki 2026 - Statystyki

Ogólne statystyki
  • Ten quiz został rozwiązany 99 razy
  • Średni wynik to 39 z 54
Statystyki odpowiedzi
Kraj Stolica % Poprawnych
Algieria Algier
93%
Egipt Kair
93%
Maroko Rabat
88%
Etiopia Addis Abeba
85%
Kenia Nairobi
85%
Madagaskar Antananarywa
83%
Tunezja Tunis
83%
Angola Luanda
82%
Libia Trypolis
82%
Niger Niamey
82%
Kongo Brazzaville
79%
Nigeria Abudża
79%
Senegal Dakar
79%
Czad Ndżamena
78%
Ghana Akra
78%
Zambia Lusaka
78%
Somalia Mogadiszu
76%
Sudan Chartum
76%
Wybrzeże Kości Słoniowej Jamusukro
76%
Gwinea Konakry
75%
Mali Bamako
75%
Uganda Kampala
75%
Zimbabwe Harare
75%
Botswana Gaborone
74%
Erytrea Asmara
74%
Lesotho Maseru
74%
Rwanda Kigali
72%
Sudan Południowy Dżuba
71%
Dżibuti Dżibuti
69%
Gwinea Równikowa Malabo/Ciudad de la Paz (od 02.01.2026)
69%
Kamerun Jaunde
69%
Burkina Faso Wagadugu
68%
Liberia Monrovia
68%
Mauretania Nawakszut
68%
Seszele Victoria
68%
Tanzania Dodoma
68%
Togo Lomé
68%
Benin Porto-Novo
67%
Gabon Libreville
67%
Gambia Bandżul
67%
Gwinea Bissau Bissau
67%
Namibia Windhuk
67%
Demokratyczna Republika Konga Kinszasa
65%
Eswatini Mbabane
65%
Burundi Gitega
64%
Sierra Leone Freetown
64%
Mauritius Port Louis
63%
Mozambik Maputo
61%
Komory Moroni
58%
Malawi Lilongwe
57%
Republika Środkowoafrykańska Bangi
54%
Republika Zielonego Przylądka Praia
53%
Wyspy Świętego Tomasza i Książęca São Tomé
46%
Południowa Afryka Pretoria
38%
Nie znaleziono quizów pasujących do podanych kryteriów
Rozkład punktacji
Procent ludzi z każdym wynikiem
Percentyl według liczby udzielonych odpowiedzi
Twoja historia wyników
Nie rozwiązałeś tego quizu